[Event "Reno Far West op"]
[Site "Reno"]
[Date "2007.04.07"]
[Round "4"]
[White "Bryant, John Daniel"]
[Black "Bayati, Arkia"]
[Result "1/2-1/2"]
[WhiteElo "2242"]
[BlackElo "1954"]
[PlyCount "110"]
[EventDate "2007.04.06"]
[EventType "swiss"]
[EventRounds "6"]
[EventCountry "USA"]
[SourceTitle "EXT 2009"]
[Source "ChessBase"]
[SourceDate "2008.11.26"]
[SourceVersion "1"]
[SourceVersionDate "2008.11.26"]
[SourceQuality "1"]

1. e4 d5 2. exd5 Qxd5 3. Nc3 Qa5 4. d4 Nf6 5. Bc4 c6 6. Bd2 Qb6 7. Nf3 Bf5 8. Na4 Qc7 9. Nc5 e6 10. Nd3 Nbd7 11. b4 Bd6 12. 0-0 Bg4 13. h3 Bh5 14. Re1 0-0 15. g4 Bg6 16. Nde5 Bxe5 17. dxe5 Nd5 18. Bb3 b5 19. c4 bxc4 20. Bxc4 Rab8 21. a3 N7b6 22. Ba2 c5 23. Rc1 c4 24. Be3 Rfd8 25. Bc5 Qb7 26. Bd6 Rbc8 27. Qd4 Qa6 28. Ra1 Qxa3 29. Kg2 Qd3 30. Bb1 Qxd4 31. Nxd4 Bxb1 32. Rexb1 Nc3 33. Rc1 Nca4 34. Nb5 Rd7 35. f4 g6 36. Kf3 c3 37. Ke4 Rc4+ 38. Nd4 Nb2 39. f5 exf5+ 40. gxf5 gxf5+ 41. Kxf5 Rxd4 42. Rg1+ Kh8 43. Bf8 h6 44. Bg7+ Kh7 45. Bf6 Nd5 46. Rg7+ Kh8 47. Rxf7+ Nxf6 48. Rxf6 c2 49. e6 R4d5+ 50. Kg6 Rg7+ 51. Kxh6 Nd3 52. Rf8+ Rg8 53. Rf7 Rg3 54. Rf8+ Rg8 55. Rf7 Rg3 1/2-1/2

[Event "Reno Far West op"]
[Site "Reno"]
[Date "2006.04.07"]
[Round "1"]
[White "Bayati, Arkia"]
[Black "Aigner, Michael"]
[Result "0-1"]
[WhiteElo "2027"]
[BlackElo "2294"]
[PlyCount "80"]
[EventDate "2006.04.12"]
[EventType "swiss"]
[EventRounds "6"]
[EventCountry "USA"]
[SourceTitle "EXT 2009"]
[Source "ChessBase"]
[SourceDate "2008.11.26"]
[SourceVersion "1"]
[SourceVersionDate "2008.11.26"]
[SourceQuality "1"]

1. Nf3 f5 2. g3 Nf6 3. Bg2 g6 4. 0-0 Bg7 5. c4 d6 6. d4 0-0 7. Nc3 Qe8 8. Qb3 c6 9. c5+ d5 10. Ne5 Kh8 11. f4 Na6 12. a3 Nc7 13. Qc2 Nd7 14. b4 Nxe5 15. dxe5 d4 16. Na4 Be6 17. Nb2 Qf7 18. Qd3 Rfd8 19. Bd2 Rd7 20. Be1 Rad8 21. Bf2 g5 22. fxg5 Bxe5 23. Be1 Nd5 24. Nc4 Bg7 25. Rc1 Qh5 26. h4 Ne3 27. Bf3 Qf7 28. Nxe3 dxe3 29. Qc2 Bb3 30. Qb1 Rd1 31. Kg2 e5 32. Bc3 Rxc1 33. Qxc1 f4 34. gxf4 Qxf4 35. Qe1 Rd1 36. Qxd1 Bxd1 37. Rxd1 h6 38. g6 Qxh4 39. Rd6 Bf6 40. Kf1 Qf2# 0-1

[Event "Western States op"]
[Site "Reno"]
[Date "2005.10.14"]
[Round "2"]
[White "Bayati, Arkia"]
[Black "Aigner, Michael"]
[Result "0-1"]
[WhiteElo "2037"]
[BlackElo "2265"]
[PlyCount "120"]
[EventDate "2005.10.14"]
[EventType "swiss"]
[EventRounds "6"]
[EventCountry "USA"]
[SourceTitle "EXT 2009"]
[Source "ChessBase"]
[SourceDate "2008.11.26"]
[SourceVersion "1"]
[SourceVersionDate "2008.11.26"]
[SourceQuality "1"]

1. e4 c5 2. Nc3 Nc6 3. f4 g6 4. Nf3 Bg7 5. Bb5 Nd4 6. 0-0 Nxb5 7. Nxb5 d5 8. exd5 a6 9. Nc3 Nf6 10. d3 Nxd5 11. Nxd5 Qxd5 12. Qe2 Bg4 13. h3 Bxf3 14. Qxf3 Qxf3 15. Rxf3 e6 16. Rb1 0-0-0 17. Be3 Bd4 18. Kf1 h5 19. h4 Rd5 20. Ke2 Re8 21. c3 Bf6 22. c4 Rd7 23. Bxc5 Bxh4 24. d4 Bf6 25. Rd3 Kc7 26. Rbd1 Kc6 27. Bb4 Red8 28. Bc3 Be7 29. Be1 b6 30. Bf2 Bf6 31. a4 Rb7 32. b4 b5 33. d5+ exd5 34. cxd5+ Kd7 35. a5 Re8+ 36. Kf3 Rc7 37. Bc5 Rcc8 38. Re3 Rxe3+ 39. Kxe3 Re8+ 40. Kd3 Bh4 41. Rf1 Re1 42. Rxe1 Bxe1 43. Bf8 f6 44. Ke2 Bc3 45. Kd3 Bb2 46. Bc5 Bc1 47. Ke4 Bd2 48. Bf8 g5 49. fxg5 fxg5 50. Bc5 g4 51. g3 Bg5 52. Kf5 Bd2 53. Kg6 h4 54. gxh4 g3 55. h5 g2 56. h6 Bxb4 57. Bd4 Bc3 58. Bxc3 g1Q+ 59. Kf7 Qc5 60. Bf6 Qxd5+ 0-1